000 00954cam a22002652 4500
001 0000004933
005 20151217151946.0
008 070604s xx 000 0 eng d
020 _a0321034309 :
040 _aKABU
_cKABU
050 0 _aRC454
_b.C37 2000
100 1 _aCarson, Robert C.,
_d1930-.
_@0000155907
245 1 0 _aAbnormal psychology and modern life /
_cRobert C. Carson, James N. Butcher, Susan Mineka.
250 _a11th ed.
260 _aBoston, Mass :
_bAllyn & Bacon,
_cc2000.
300 _a1 v. (various pagings) :
_bill. (some col. ;
_cc 29 cm +
_e1 computer laser oprical disc (4 3/4 in.)
504 _aIncludes bibliographical references and index.
650 0 _aPsychiatry.
_@0000155757
650 0 _aPsychology, Pathological.
_@0000155908
700 1 _aButcher, James Neal.
_@0000155909
700 1 _aMineka, Susan.
_@0000155910
908 _a070604
950 _@1
999 _c6734
_d6734